Statistics for U.S. cities by smallest percent of metro area

Click here to take the quiz!

General Stats

  • This quiz has been taken 14 times
  • The average score is 11 of 15

Answer Stats

Percentage of Metro AreaCity% Correct
7%Miami
92%
8%Boston
83%
8%Salt Lake City
83%
9%San Francisco
83%
11%Cleveland
83%
11%Minneapolis
83%
7%Atlanta
75%
7%Washington
75%
10%St. Louis
75%
12%Detroit
75%
13%Cincinnati
67%
12%Pittsburgh
58%
8%Hartford
50%
8%Albany
42%
4%Harrisburg
25%

Score Distribution

Percentile by Number Answered

Percent of People with Each Score

Your Score History

You have not taken this quiz